[Event "ch-IND w"]
[Site "Pune IND"]
[Date "2007.11.12"]
[Round "8"]
[White "Mohota,N"]
[Black "Amrutha,M"]
[Result "1-0"]
[WhiteElo "2416"]
[BlackElo "2159"]

1.d4 Nf6 2.c4 e6 3.Nf3 b6 4.Nc3 d5 5.cxd5 Nxd5 6.e4 Nxc3 7.bxc3 Be7 8.Bb5+ c6
9.Bd3 O-O 10.O-O Nd7 11.Bf4 b5 12.Bc2 Nb6 13.Qd3 Bb7 14.Nd2 g6 15.Rad1 a6
16.Qg3 Rc8 17.Nb3 Na4 18.Nc5 Qb6 19.Bxa4 Bxc5 20.dxc5  1-0

[Event "WYb16"]
[Site "Kemer TUR"]
[Date "2007.11.22"]
[Round "6"]
[White "Ashwath,R"]
[Black "Savchenko,Alek"]
[Result "1-0"]
[WhiteElo "2374"]
[BlackElo "2183"]

1.d4 Nf6 2.c4 e6 3.Nf3 b6 4.Nc3 Bb4 5.Bg5 h6 6.Bh4 g5 7.Bg3 Ne4 8.Qc2 Bb7
9.e3 f5 10.Bd3 Bxc3+ 11.bxc3 d6 12.d5 exd5 13.Nd4 dxc4 14.Bxc4 Qf6 15.f3 Nxg3
16.hxg3 Nd7 17.Qxf5 O-O-O 18.Be6 Qxf5 19.Nxf5 Rde8 20.Bxd7+ Kxd7 21.g4 Ref8
22.Rh5 Bd5 23.Kd2 Bf7 24.Rxh6 Rxh6 25.Nxh6 Be6 26.a3 Rf6 27.Rh1 d5 28.Ke2 Kc6
29.g3 Kb5 30.f4 c5 31.Rh5 Kc4 32.f5 Kxc3 33.fxe6 d4 34.exd4 cxd4 35.Nf5 d3+
36.Kd1 Rxe6 37.Rh7 a5 38.Rc7+ Kb2 39.Kd2 Kxa3 40.Kxd3 a4 41.Nd4 Rh6 42.Rc4 Rh3
43.Kc2 Rh2+ 44.Kc3 Ka2 45.Rxa4+ Kb1 46.Rb4+ Kc1 47.Rxb6 Rg2 48.Nf5  1-0

[Event "WYg16"]
[Site "Kemer TUR"]
[Date "2007.11.24"]
[Round "7"]
[White "Tsatsalashvili,K"]
[Black "Ozturk,K"]
[Result "1-0"]
[WhiteElo "2161"]
[BlackElo "2174"]

1.d4 Nf6 2.c4 e6 3.Nf3 b6 4.Nc3 Bb7 5.a3 a5 6.Bg5 Be7 7.Qc2 h6 8.Bf4 O-O
9.e4 d5 10.cxd5 exd5 11.e5 Ne4 12.Bd3 Nxc3 13.bxc3 c5 14.O-O Na6 15.Qd2 g5
16.Be3 Nc7 17.Bb1 Kg7 18.Ne1 Ne6 19.f4 gxf4 20.Bxf4 Bg5 21.Qd3 Rh8 22.Bxg5 hxg5
23.Rf6 cxd4 24.cxd4 Qd7 25.Qg3 Qa4 26.Nc2 Rac8 27.h4 Nxd4 28.Qxg5+ Kf8 29.Rxf7+ Kxf7
30.Qf4+ Kg8 31.Nxd4 Qd1+ 32.Kh2 Qh5 33.Nf5 Rf8 34.Qg3+  1-0

[Event "WYb16"]
[Site "Kemer TUR"]
[Date "2007.11.27"]
[Round "10"]
[White "Zhou,H"]
[Black "Blum,N"]
[Result "1/2-1/2"]
[WhiteElo "2096"]
[BlackElo "2224"]

1.d4 Nf6 2.c4 e6 3.Nf3 b6 4.Nc3 Bb7 5.Bg5 h6 6.Bh4 Be7 7.e3 Ne4 8.Bxe7 Qxe7
9.Nxe4 Bxe4 10.Nd2 Bb7 11.Be2 O-O 12.O-O c5 13.Bf3 d6 14.Bxb7 Qxb7 15.Nf3 Rd8
16.dxc5 bxc5 17.Qe2 Nc6 18.Rfd1 Qa6 19.Rd2 Na5 20.Rc1 Rab8 21.b3 Nc6 22.Rcd1 Nb4
23.h3 Qb6 24.Ne1 Qc7 25.Qf3 Rb6 26.Nd3 a5 27.Qg3 Nxd3 28.Rxd3 a4 29.e4 axb3
30.axb3 e5 31.Qf3 Ra8 32.Qe2 Raa6 33.Kh2 Qb8 34.Qd2 f6 35.Qb2 Qa8 36.f3 Ra2
37.Qc3 Qa6 38.R1d2 Rxd2 39.Qxd2 Kf7 40.Rc3 Qa8 41.Rc2 Ke7 42.Rb2 Qa3 43.Ra2 Qxb3
44.Ra7+ Rb7 45.Ra6 Rb6 46.Ra7+  1/2-1/2

[Event "WYg16"]
[Site "Kemer TUR"]
[Date "2007.11.27"]
[Round "10"]
[White "Siradze,S"]
[Black "Sukandar,I"]
[Result "0-1"]
[WhiteElo "2024"]
[BlackElo "2275"]

1.d4 Nf6 2.Nf3 e6 3.c4 b6 4.Nc3 Bb7 5.Bg5 Be7 6.e3 O-O 7.Bd3 d5 8.Bxf6 Bxf6
9.Qc2 h6 10.cxd5 exd5 11.O-O Nd7 12.Qb3 c6 13.Rac1 Re8 14.Rc2 Nf8 15.Rfc1 Ne6
16.Na4 g6 17.Rd2 Qe7 18.Rdc2 Rac8 19.Nc3 Ng5 20.Nxg5 hxg5 21.Qa4 a5 22.Qb3 b5
23.a4 b4 24.Ne2 Qd6 25.Rc5 Bd8 26.Qd1 Bc7 27.Ng3 Bb6 28.R5c2 c5 29.Bb5 Red8
30.dxc5 Rxc5 31.Qg4 Rxc2 32.Rxc2 d4 33.exd4 Bxd4 34.h3 Qf6 35.b3 Bb6 36.Qe2 Qd6
37.Bc4 Qxg3 38.Qe7 Qxg2+  0-1

[Event "20th Belgrade Trophy"]
[Site "Belgrade SRB"]
[Date "2007.11.28"]
[Round "7"]
[White "Nestorovic,De"]
[Black "Savic,Miod1"]
[Result "1/2-1/2"]
[WhiteElo "2403"]
[BlackElo "2539"]

1.d4 Nf6 2.c4 e6 3.Nf3 b6 4.Nc3 Bb7 5.Bg5 Be7 6.e3 h6 7.Bh4 Ne4 8.Bxe7 Qxe7
9.Nxe4 Bxe4 10.Be2 O-O 11.O-O d6 12.Nd2 Bb7 13.Bf3 c5 14.dxc5 dxc5 15.Qa4 Qc7
16.Bxb7 Qxb7 17.Rfd1 Rd8 18.Nf3 Nc6 19.a3 Qc7 20.Qc2 f5 21.h3 Kf7 22.Kf1 g6
23.Rxd8 Rxd8 24.Rd1 Rd6 25.g4 Qd7 26.Rxd6 Qxd6 27.Ke2 Kf6 28.gxf5 gxf5 29.Qc3+ e5
30.Ne1 Ke7 31.Nd3 Qf6 32.f4 e4 33.Qxf6+ Kxf6 34.Nc1 Na5 35.b3 Kg6 36.Kf2 Kh5
37.Kg3 a6 38.a4 Kg6 39.Kh4 Kf6 40.Kh5 Kg7 41.Kh4 Kg6 42.Kg3 Kh5 43.Kg2 Kg6
44.Kg3 Nc6 45.Na2 Na5 46.Nc1 Kf6 47.Kh4 Kf7 48.Kh5 Kg7 49.Kh4 Kg6 50.Kg3  1/2-1/2

[Event "20th Belgrade Trophy"]
[Site "Belgrade SRB"]
[Date "2007.11.29"]
[Round "8"]
[White "Karic,M"]
[Black "Jovanovic,Miro2"]
[Result "0-1"]
[WhiteElo "2168"]
[BlackElo "2033"]

1.d4 Nf6 2.Nf3 e6 3.c4 b6 4.Nc3 Bb7 5.Bg5 Be7 6.e3 d6 7.Bd3 Nbd7 8.O-O c5
9.Re1 O-O 10.e4 cxd4 11.Nxd4 a6 12.Bd2 Rc8 13.b3 Qc7 14.Re3 Qb8 15.Qe2 Bd8
16.Rg3 Re8 17.f4 Bc7 18.Rf1 Qa8 19.Bb1 Qb8 20.Rh3 Nf8 21.Nf3 Red8 22.e5 Bxf3
23.Rfxf3 dxe5 24.f5 Rd4 25.fxe6 fxe6 26.Be3 Rd7 27.Ne4 Bd8 28.Ng5 Qd6 29.Rf1 a5
30.Rhf3 Qc6 31.Be4 Qc7 32.Qf2 Rb8 33.Qg3 Kh8 34.Qh3 h6 35.Nxe6 Nxe6 36.Qxe6 Be7
37.Bg6 Bc5 38.Kh1 Bxe3 39.Rxe3 Re7 40.Qh3 Rd8 41.Ree1 Qc6 42.Qc3 Qd6 43.Re2 e4
44.h3 Ng4 45.hxg4 Qxg6 46.Qe3 Re6 47.g5 hxg5 48.Rd2 Rd3 49.Qe2 g4 50.Rf4 g3  0-1

[Event "Parsvnath ch-Commonwealth"]
[Site "New Delhi IND"]
[Date "2007.12.04"]
[Round "3"]
[White "Roktim,B"]
[Black "Amrutha,M"]
[Result "1-0"]
[WhiteElo "2373"]
[BlackElo "2159"]

1.d4 Nf6 2.Nf3 e6 3.c4 b6 4.Nc3 Bb7 5.Bg5 h6 6.Bh4 Be7 7.Qc2 c5 8.dxc5 bxc5
9.e3 O-O 10.Be2 Nc6 11.Rd1 d6 12.O-O Qb6 13.Rd2 Rfd8 14.Rfd1 d5 15.Bxf6 Bxf6
16.cxd5 Nb4 17.Qc1 Bxc3 18.Qxc3 Nxd5 19.Qb3 Qxb3 20.axb3 Rdc8 21.Ne5 Nb6
22.Rc1 Bd5 23.Rc3 Rab8 24.f3 f6 25.Ng6 Kf7 26.Nf4 g5 27.Nxd5 Nxd5 28.Rcd3 Rc7
29.g3 Ke7 30.e4 Nb4 31.Rd6 Rb6 32.Rd8 f5 33.exf5 exf5 34.Rh8 Rf6 35.Bc4  1-0

[Event "SVDB IM Norm"]
[Site "Eupen BEL"]
[Date "2007.12.10"]
[Round "4"]
[White "Roeder,M"]
[Black "Litwak,A"]
[Result "1/2-1/2"]
[WhiteElo "2452"]
[BlackElo "2298"]

1.Nf3 Nf6 2.c4 e6 3.d4 b6 4.Nc3 Bb4 5.Bg5 Bb7 6.e3 h6 7.Bh4 g5 8.Bg3 Ne4
9.Qc2 d6 10.Bd3 Bxc3+ 11.bxc3 f5 12.d5 Nd7 13.Bxe4 fxe4 14.Qxe4 Qf6 15.O-O O-O-O
16.Qxe6 Qxe6 17.dxe6 Nc5 18.Nd4 Rde8 19.f3 Ba6 20.Nb5 Kb8 21.e4 Rxe6 22.Rfd1 g4
23.Rd5 gxf3 24.gxf3 Rf8 25.Rf1 Ref6 26.e5 dxe5 27.Rxe5 R8f7 28.Re3 Rc6 29.Rd1 Ne6
30.Nd6  1/2-1/2

[Event "7th Amplico AIG Life"]
[Site "Warsaw POL"]
[Date "2007.12.15"]
[Round "2"]
[White "Skalski,M"]
[Black "Szymczak,Ra"]
[Result "1-0"]
[WhiteElo "2443"]
[BlackElo "2074"]

1.Nf3 Nf6 2.c4 e6 3.Nc3 b6 4.d4 d5 5.Bg5 Be7 6.e3 Bb7 7.Rc1 dxc4 8.Bxc4 O-O
9.O-O Nbd7 10.Qe2 Ne4 11.Bf4 Bd6 12.Bg3 Bxg3 13.hxg3 Qe7 14.Rfd1 c5 15.Bb5  1-0

[Event "Open A"]
[Site "Zadar CRO"]
[Date "2007.12.17"]
[Round "3"]
[White "Delchev,A"]
[Black "Rusev,K"]
[Result "1-0"]
[WhiteElo "2613"]
[BlackElo "2479"]

1.d4 Nf6 2.c4 e6 3.Nf3 b6 4.Nc3 Bb7 5.a3 d5 6.cxd5 Nxd5 7.e3 g6 8.Bd3 Bg7
9.Nxd5 exd5 10.b4 O-O 11.O-O Nd7 12.Qc2 c5 13.bxc5 bxc5 14.Rb1 Qc7 15.dxc5 Rab8
16.Rxb7 Rxb7 17.c6 Rb6 18.cxd7 Qxd7 19.Nd4 Rc8 20.Qd1 Qe7 21.Ne2 Qc5 22.a4 Qb4
23.Nf4 Rd6 24.g3 Bh6 25.Bd2 Qb2 26.Qg4 Rb8 27.Rb1  1-0

[Event "37th Rilton Cup"]
[Site "Stockholm SWE"]
[Date "2007.12.29"]
[Round "3"]
[White "Ivanov,Sergey1"]
[Black "Eriksson,Jor"]
[Result "1-0"]
[WhiteElo "2532"]
[BlackElo "2238"]

1.d4 Nf6 2.c4 e6 3.Nf3 b6 4.Nc3 Bb4 5.Bg5 c5 6.d5 Bxc3+ 7.bxc3 d6 8.Nd2 e5
9.e4 h6 10.Bh4 Nbd7 11.f3 Qe7 12.Bd3 Nf8 13.Bf2 Ng6 14.g3 Bd7 15.Nf1 Kd8
16.Ne3 Kc7 17.Qb3 Qe8 18.a4 a5 19.O-O Ne7 20.Rfe1 Nh7 21.f4 f6 22.f5 Ng5
23.Kg2 Qh5 24.Qd1 Qxd1 25.Rexd1 Nf7 26.h4 Rag8 27.Rf1 Rf8 28.Be1 Rfg8 29.Bc2 Rf8
30.Bd2 Rfg8 31.Rf2 Rf8 32.Raf1 Rfg8 33.Kh2 Rf8 34.g4 Rfg8 35.Ng2 Rf8 36.Bd1 Rfg8
37.Rf3 Rf8 38.Ne1 Rfg8 39.Nd3 Rf8 40.Nf2 Nd8 41.Nh3 Nf7 42.Kg2 Ng8 43.Rg3 Rh7
44.Rf2 Kc8 45.Kf1 Kc7 46.Rfg2 Kc8 47.Ng1 Kc7 48.Nf3 Kc8 49.Kg1 Kc7 50.Bc2 Kc8
51.g5 hxg5 52.hxg5 fxg5 53.Bxg5 Nf6 54.Bxf6 gxf6 55.Rg6 Nd8 56.Rh2 Rxh2 57.Nxh2 Be8
58.Rg7 Bh5 59.Nf1 Be2 60.Ne3 Nf7 61.Kf2 Bh5 62.Bd1 Bxd1 63.Nxd1 Kd8 64.Ke3 Ke7
65.Nf2 Rh8 66.Rg6 Rh5 67.Ng4 Rh3+ 68.Kd2 Rg3 69.Nxe5 Rxg6 70.Nc6+ Ke8 71.fxg6 Ne5
72.Na7 Nxc4+ 73.Kc2 Kf8 74.Nc8 Ke8 75.Kd3 Nb2+ 76.Ke3 Nc4+ 77.Kf4 b5 78.axb5 a4
79.b6 Nxb6 80.Nxd6+ Kf8 81.Nb5 Nc4 82.Kf5 Kg7 83.d6 Nxd6+ 84.Nxd6 a3 85.Ne8+ Kg8
86.Nxf6+ Kg7 87.Nh5+ Kg8 88.g7 Kf7 89.e5 a2 90.e6+ Ke7 91.g8=Q  1-0

[Event "ch-CUB"]
[Site "Santa Clara CUB"]
[Date "2008.01.10"]
[Round "3"]
[White "Hernandez Onna,R"]
[Black "Hernandez Carmenates,Hold"]
[Result "1/2-1/2"]
[WhiteElo "2342"]
[BlackElo "2590"]

1.d4 Nf6 2.c4 e6 3.Nf3 b6 4.Nc3 Bb7 5.e3 d5 6.Bd3 Nbd7 7.Qe2 c5 8.cxd5 exd5
9.e4 dxe4 10.Nxe4 Nxe4 11.Bxe4 Bxe4 12.Qxe4+ Qe7 13.Qxe7+ Bxe7 14.dxc5 Nxc5
15.O-O O-O-O 16.Ne5 Rd5 17.Nc6 Bf6 18.Nxa7+ Kb7 19.Nb5 Ra8 20.Nc3 Bxc3 21.bxc3 Nb3
22.Rb1 Nxc1 23.Rfxc1 Rxa2 24.Rb4 Rc2 25.Rcb1 Rd6 26.Rf4 f6 27.Rg4 Rxc3 28.Rxg7+ Rc7
29.Rxc7+ Kxc7 30.Kf1 Rd5 31.Rb4 b5 32.Rf4 Rd6 33.Rh4 Rd7 34.Rf4 Kc6 35.Rxf6+ Kc5
36.Rf8 b4 37.Rb8 Kc4 38.Ke2 b3 39.f4 Kc3 40.f5 b2 41.g4 Re7+ 42.Kf3 Re1 43.g5 b1=Q
44.Rxb1 Rxb1 45.Ke4 Rg1 46.h4 Rg4+ 47.Ke5 Rxh4 48.g6 hxg6 49.fxg6  1/2-1/2

[Event "TCh-AUT 1st Bundesliga 2007-8"]
[Site "Jenbach AUT"]
[Date "2008.01.11"]
[Round "5"]
[White "Pilaj,H"]
[Black "Kantorik,M"]
[Result "1/2-1/2"]
[WhiteElo "2374"]
[BlackElo "2368"]

1.d4 Nf6 2.c4 e6 3.Nf3 b6 4.Nc3 Bb7 5.a3 d5 6.cxd5 Nxd5 7.Qc2 Be7 8.e4 Nxc3
9.bxc3 O-O 10.Bd3 c5 11.O-O Qc8 12.Qe2 Ba6 13.Rd1 Bxd3 14.Rxd3 Nd7 15.h4 c4
16.Rd1 b5 17.h5 Qc7 18.h6 g6 19.g3 a5 20.Bf4 Bd6 21.Bxd6 Qxd6 22.a4 b4 23.cxb4 axb4
24.Qxc4 Rfc8 25.Qe2 Rc3 26.Kg2 b3 27.Qb2 Rac8 28.a5 Qc6 29.d5 exd5 30.Rxd5 Nf6
31.Ne5 Qe8 32.Re1 Nxd5 33.exd5 f6 34.Nd3 Qd7 35.Nb4 Qf5 36.d6 Qf3+ 37.Kg1 Qb7
38.Qd2 Qxb4 39.Qd5+ Kf8 40.Qe6 Rxg3+ 41.fxg3 Qc5+ 42.Kg2 Qc2+ 43.Kg1 Qc5+
44.Kg2 Qc2+ 45.Kh3 Qf5+ 46.Qxf5 gxf5 47.Re3 Rd8 48.Rxb3 Rxd6 49.Rb6 Rd5 50.Rxf6+ Ke7
51.Ra6 Rd4 52.Rb6 Kf7 53.Kg2 Ra4 54.a6 Ra3 55.Kf2 Ke7 56.Rc6 Kf7 57.Kg2 Ke7
58.Kh2 Kf7 59.Kg2 Ke7 60.Rg6 Kf8 61.Rf6+ Ke7 62.Rg6 Kf8 63.Rg7 Rxa6 64.Rxh7 Kg8
65.Rg7+ Kh8 66.Rg5 Rxh6 67.Rxf5  1/2-1/2

[Event "ASEAN Masters Circuit GMB"]
[Site "Tarakan INA"]
[Date "2008.01.12"]
[Round "5"]
[White "Paragua,M"]
[Black "Sukandar,I"]
[Result "1-0"]
[WhiteElo "2521"]
[BlackElo "2266"]

1.d4 Nf6 2.Nf3 e6 3.c4 b6 4.Nc3 Bb7 5.Bg5 Be7 6.Qc2 O-O 7.e3 d5 8.cxd5 exd5
9.Bd3 Nbd7 10.O-O Re8 11.Bxf6 Nxf6 12.Ne5 a6 13.g4 g6 14.f4 Bd6 15.g5 Bxe5
16.fxe5 Ng4 17.Rf4 Nxe3 18.Qf2 Qxg5+ 19.Kh1 Nc4 20.Rxf7 Rf8 21.Rf1 Qh6 22.Bxc4 dxc4+
23.d5 b5 24.Qf3 b4 25.Ne4 Bxd5 26.Rxf8+  1-0

[Event "ch-BLR"]
[Site "Minsk BLR"]
[Date "2008.01.16"]
[Round "7"]
[White "Tihonov,J"]
[Black "Azarov,S"]
[Result "1-0"]
[WhiteElo "2497"]
[BlackElo "2594"]

1.d4 Nf6 2.c4 e6 3.Nf3 b6 4.Nc3 Bb7 5.Bg5 h6 6.Bh4 g5 7.Bg3 Nh5 8.e3 Nxg3
9.hxg3 Bg7 10.Qc2 Nc6 11.Rd1 g4 12.Nd2 Qe7 13.a3 d6 14.Qa4 O-O 15.Qc2 Rae8
16.Nb3 a6 17.Be2 Qg5 18.Rd2 Ne7 19.Rh2 Rd8 20.Nc1 e5 21.dxe5 dxe5 22.Nb3 f5
23.Nd5 Nxd5 24.cxd5 Kh8 25.e4 f4 26.Rd3 Rf7 27.Rc3 Rdf8 28.Rh1 Bc8 29.Nd2 Bd7
30.Rf1 h5 31.Rxc7 Bh6 32.gxf4 Qxf4 33.g3 Qg5 34.Qc3 b5 35.Nb3 h4 36.gxh4 Qf4
37.Qe3 Qf6 38.Qc3 Qf4 39.Nc5 g3 40.Nd3 b4 41.Qxe5+ Qxe5 42.Nxe5 gxf2+ 43.Rxf2 Rxf2
44.Ng6+ Kg8 45.Nxf8 bxa3 46.bxa3 Rxe2+ 47.Kxe2 Bb5+ 48.Kf3 Bxf8 49.e5 Bxa3
50.d6 Kf8 51.h5  1-0

[Event "ASEAN Masters Circuit WIM"]
[Site "Tarakan INA"]
[Date "2008.01.16"]
[Round "8"]
[White "Nguyen Thi Mai Hung"]
[Black "Lindiawati,E"]
[Result "1/2-1/2"]
[WhiteElo "2062"]
[BlackElo "2114"]

1.d4 Nf6 2.Nf3 e6 3.c4 b6 4.Nc3 Bb4 5.Qc2 Bb7 6.Bg5 O-O 7.e3 h6 8.Bh4 d6
9.Bd3 Nbd7 10.O-O Bxc3 11.Qxc3 g5 12.Bg3 Nh5 13.Nd2 f5 14.f3 Qf6 15.Bf2 Qg7
16.Rac1 g4 17.Be2 g3 18.Be1 gxh2+ 19.Kxh2 f4 20.Rh1 Ng3 21.Bxg3 Qxg3+ 22.Kg1 Qg5
23.exf4 Rxf4 24.Kf2 Raf8 25.Rh3 Rh4 26.Rg3 Rg4 27.Rxg4 Qxg4 28.Rh1 Rf6 29.Qe3 Kg7  1/2-1/2

[Event "ch-BLR"]
[Site "Minsk BLR"]
[Date "2008.01.17"]
[Round "8"]
[White "Tihonov,J"]
[Black "Romanenko,Vl"]
[Result "1/2-1/2"]
[WhiteElo "2497"]
[BlackElo "2460"]

1.d4 Nf6 2.Nf3 e6 3.c4 b6 4.Nc3 Bb7 5.Bg5 Be7 6.e3 O-O 7.Bd3 d5 8.Bxf6 Bxf6
9.cxd5 exd5 10.O-O Nc6 11.Rc1 g6 12.Qa4 Ne7 13.Rfd1 c6 14.b4 b5 15.Qb3 a5
16.a4 bxa4 17.Nxa4 Bc8 18.b5 cxb5 19.Bxb5 Rb8 20.h3 Ba6 21.Rc5 Qd6 22.Rb1 Rfc8
23.Qd3 Bxb5 24.Rcxb5 Rxb5 25.Qxb5 Ra8 26.Qb7 Qc6 27.Ne1 Qxb7 28.Rxb7 Rc8
29.Nc5 Nc6 30.Ned3 Be7 31.Kf1 Bxc5 32.Nxc5 Rb8 33.Rc7 Rb1+ 34.Ke2 Rb2+ 35.Kf3 Nb4
36.Ra7 Ra2 37.g4 h6 38.h4 Nc6 39.Rc7 Nb4 40.g5 hxg5 41.hxg5 Ra1 42.Kg2 Ra2
43.Nd7 Nd3 44.Rc8+ Kg7 45.Nf6 Rxf2+ 46.Kg3 Rxf6 47.gxf6+ Kxf6 48.Ra8 Nb2
49.Rxa5 Nc4 50.Ra6+ Kg5 51.Kf2 Kf5 52.Ke2 g5 53.Kd3 Nb2+ 54.Ke2 Nc4 55.Ra1 f6
56.Rb1 Nd6 57.Rf1+ Ke6 58.Kf3 Kf7 59.Ra1 Ne4 60.Kg4 Nd6 61.Ra7+ Ke6 62.Ra6 Ke7
63.Rb6 Nc4 64.Rb3 Nd6 65.Rb1 Nc4 66.Re1 Nd6 67.Kh5 Kf7 68.Rc1 Ke6 69.Kg6 Nc4
70.Ra1 Nd6 71.Rf1 Ne4 72.Ra1 Nd6 73.Ra6 Ke7 74.Ra7+ Ke6  1/2-1/2

[Event "ch-BLR"]
[Site "Minsk BLR"]
[Date "2008.01.19"]
[Round "10"]
[White "Tihonov,J"]
[Black "Smirnov,Va"]
[Result "1-0"]
[WhiteElo "2497"]
[BlackElo "2394"]

1.d4 Nf6 2.c4 e6 3.Nf3 b6 4.Nc3 Bb4 5.Bg5 h6 6.Bh4 g5 7.Bg3 Ne4 8.Qc2 Bb7
9.Nd2 Bxc3 10.bxc3 Nxg3 11.hxg3 d6 12.e4 Nd7 13.Be2 Qe7 14.Qa4 c5 15.Rd1 Kf8
16.Qc2 Kg7 17.Nf1 f5 18.d5 Nf6 19.exf5 exd5 20.cxd5 Nxd5 21.c4 Nf6 22.Ne3 Rad8
23.O-O h5 24.Bf3 Rhe8 25.Rfe1 g4 26.Bxb7 Qxb7 27.Nd5 Rxe1+ 28.Rxe1 Nxd5 29.Qd2 Ne7
30.Qg5+ Kf8 31.Qf6+ Ke8 32.Qh8+ Kd7 33.Rxe7+  1-0

[Event "ch-BLR"]
[Site "Minsk BLR"]
[Date "2008.01.21"]
[Round "12"]
[White "Tihonov,J"]
[Black "Lomako,P"]
[Result "1/2-1/2"]
[WhiteElo "2497"]
[BlackElo "2413"]

1.d4 Nf6 2.c4 e6 3.Nf3 b6 4.Nc3 Bb7 5.Bg5 h6 6.Bh4 Be7 7.Qc2 c5 8.dxc5 bxc5
9.e3 O-O 10.Be2 Qb6 11.O-O Nc6 12.Rad1 Rfd8 13.Rd2 d6 14.Rfd1 Ne8 15.Bg3 Rd7
16.Qb1 Rad8 17.h3 a6 18.Ne1 Nf6 19.Bf3 Na5 20.b3 Bxf3 21.Nxf3 Qb7 22.Bh4 Nc6
23.Qd3 Ne8 24.Qe4 Bxh4 25.Qxh4 Nf6 26.Qf4 Qb4 27.Na4 Qb8 28.g4 Ne5 29.Nc3 Qb4
30.Ne4 Nxf3+ 31.Qxf3 Nxe4 32.Qxe4 d5 33.Qe5 Qb7 34.Qf4 dxc4 35.Rxd7 Rxd7
36.Rxd7 Qxd7 37.Qxc4 Qd6 38.a4 g5 39.Kf1 Qd1+ 40.Kg2 Qd6 41.Kf3 Qd1+ 42.Ke4 Qd6
43.a5 Kf8 44.f4 Ke7 45.Kf3  1/2-1/2

[Event "ch-BLR"]
[Site "Minsk BLR"]
[Date "2008.01.22"]
[Round "13"]
[White "Smirnov,Va"]
[Black "Azarov,S"]
[Result "0-1"]
[WhiteElo "2394"]
[BlackElo "2594"]

1.d4 Nf6 2.c4 e6 3.Nf3 b6 4.Nc3 Bb7 5.Bg5 h6 6.Bh4 g5 7.Bg3 Nh5 8.e3 Nxg3
9.hxg3 Bg7 10.Qc2 Nc6 11.g4 Qe7 12.a3 O-O-O 13.O-O-O Kb8 14.Bd3 Na5 15.b4 Nc6
16.Qa4 f5 17.gxf5 exf5 18.Nd2 Rhf8 19.c5 f4 20.Rhe1 fxe3 21.fxe3 Rf2 22.Be4 g4
23.Bd5 h5 24.Nde4 Rf5 25.Ng3 Rxd5 26.Nxd5 Qg5 27.Nf4 Nxd4 28.Rd2 Bc6 29.Qd1 Nb5
30.Ne6 Qe5 31.Nxg7 Qa1+ 32.Kc2 Qc3+ 33.Kb1 Nxa3+ 34.Ka2 Nc4 35.Qc1 Qxc1 36.Rxc1 Nxd2
37.N7xh5 Re8  0-1

[Event "13th HIT Open A"]
[Site "Nova Gorica SLO"]
[Date "2008.01.27"]
[Round "3"]
[White "Peredy,F"]
[Black "Kragelj,I"]
[Result "1-0"]
[WhiteElo "2261"]
[BlackElo "2228"]

1.d4 Nf6 2.c4 e6 3.Nf3 b6 4.Nc3 Bb7 5.a3 d5 6.cxd5 Nxd5 7.Qc2 Nxc3 8.bxc3 Be7
9.e4 O-O 10.Bd3 c5 11.O-O Qc8 12.Qe2 Ba6 13.Rd1 Bxd3 14.Rxd3 Nd7 15.e5 Qc6
16.Bg5 Rae8 17.Bxe7 Rxe7 18.Rad1 cxd4 19.cxd4 Ree8 20.Ng5 h6 21.Ne4 f6 22.Rc3 Qa4
23.Nd6 Re7 24.f4 fxe5 25.fxe5 Rf4 26.Qd3 Rf8 27.Rdc1 Qa5 28.Rc8 Qd5 29.Rxf8+ Nxf8
30.Rc8  1-0

[Event "Winter Open"]
[Site "Belgrade SRB"]
[Date "2008.01.28"]
[Round "7"]
[White "Nestorovic,De"]
[Black "Abramovic,B"]
[Result "1-0"]
[WhiteElo "2417"]
[BlackElo "2499"]

1.d4 Nf6 2.c4 e6 3.Nf3 b6 4.Nc3 Bb4 5.Qb3 a5 6.Bg5 h6 7.Bh4 d6 8.a3 Bxc3+
9.Qxc3 Nbd7 10.Nd2 Bb7 11.f3 c5 12.Bg3 Qe7 13.e4 cxd4 14.Qxd4 e5 15.Qe3 O-O
16.Bf2 a4 17.O-O-O Ba6 18.Kb1 Rfb8 19.Qc3 Nc5 20.Be2 Qe6 21.Nf1 Nb3 22.Qb4 Ne8
23.Ne3 Nd4 24.Rxd4 exd4 25.Nf5 Qd7 26.Nxd4 Nc7 27.Nf5 b5 28.Qc3 Ne6 29.Rd1 bxc4
30.Rxd6 Qc7 31.Bd1 Rd8 32.Bg3 Rxd6 33.Bxd6 Qd7 34.Bc2 Bb5 35.e5 Bc6 36.Qxc4 Bb5
37.Qe4 Ng5 38.Qxa8+ Kh7 39.Ne7+  1-0

[Event "6th ch-PriFO Men"]
[Site "Kazan RUS"]
[Date "2008.01.28"]
[Round "6"]
[White "Safin,R"]
[Black "Vasilov,A"]
[Result "1/2-1/2"]
[WhiteElo "2041"]
[BlackElo "2194"]

1.d4 Nf6 2.c4 e6 3.Nf3 b6 4.Nc3 Bb7 5.g3 Bb4 6.Bd2 O-O 7.Bg2 Bxc3 8.Bxc3 d6
9.b3 Nbd7 10.O-O Ne4 11.Bb2 f5 12.e3 Ndf6 13.Nd2 Rb8 14.Rc1 Qe8 15.f3 Nxd2
16.Qxd2 Qh5 17.c5 Ba6 18.Rf2 dxc5 19.dxc5 Rbd8 20.Qc3 Qf7 21.cxb6 cxb6 22.Rfc2 Rc8
23.Qe5 Rxc2 24.Rxc2 Qd7 25.Qd4 Qxd4 26.Bxd4 Rc8 27.Rd2 Nd5 28.Kf2 Nb4 29.Bf1 Bxf1
30.Kxf1 Nc2 31.Ke2 Nxd4+ 32.Rxd4 Rc2+ 33.Rd2 Rc7 34.h4 Kf7  1/2-1/2

[Event "FSGM February"]
[Site "Budapest HUN"]
[Date "2008.02.02"]
[Round "1"]
[White "Kosic,D"]
[Black "Farago,I"]
[Result "1/2-1/2"]
[WhiteElo "2511"]
[BlackElo "2475"]

1.d4 Nf6 2.Nf3 e6 3.c4 b6 4.Nc3 Bb7 5.a3 d5 6.Bg5 Be7 7.Bxf6 Bxf6 8.cxd5 exd5
9.Qa4+ c6 10.g3 O-O 11.Bg2 Nd7 12.O-O Re8  1/2-1/2

[Event "4th Open C Women"]
[Site "Moscow RUS"]
[Date "2008.02.02"]
[Round "1"]
[White "Beliaeva,N"]
[Black "Kovanova,B"]
[Result "0-1"]
[WhiteElo "2020"]
[BlackElo "2348"]

1.d4 Nf6 2.Nf3 e6 3.c4 b6 4.Nc3 Bb4 5.Qc2 Bb7 6.a3 Bxc3+ 7.Qxc3 Ne4 8.Qc2 O-O
9.g3 f5 10.Bg2 Nf6 11.O-O Be4 12.Qb3 h6 13.Ne5 Bxg2 14.Kxg2 Qe8 15.Qf3 Ne4
16.e3 d6 17.Nd3 Qa4 18.c5 Qc4 19.cxb6 cxb6 20.Qd1 Nd7 21.f3 Nef6 22.b3 Qc6
23.Bb2 Rac8 24.Rc1 Qb7 25.Qe2 Qd5 26.Rxc8 Rxc8 27.Rc1 Rxc1 28.Nxc1 b5 29.Bc3 g5
30.Kg1 h5 31.Bd2 e5 32.dxe5 Nxe5 33.Bc3 Nxf3+ 34.Kf1 Ne4 35.Be1 g4 36.a4 bxa4
37.bxa4 Neg5 38.Qc2 Nxe1 39.Qc8+ Kg7 40.Qd7+ Qf7 41.Qxf7+ Kxf7 42.Kxe1 Nf3+  0-1

[Event "TCh-FIN 2007-8"]
[Site "Finland FIN"]
[Date "2008.02.09"]
[Round "6"]
[White "Niemela,A"]
[Black "Salo,H"]
[Result "1/2-1/2"]
[WhiteElo "2268"]
[BlackElo "2248"]

1.d4 Nf6 2.c4 e6 3.Nf3 b6 4.Nc3 Bb7 5.e3 Bb4 6.Bd3 O-O 7.O-O c5 8.a3 Bxc3
9.bxc3 d6 10.Qe2 Re8 11.e4 e5 12.d5 Nbd7 13.Ne1 Qe7 14.Nc2 Nf8 15.Bg5 h6
16.Bd2 Ng6 17.g3 Bc8 18.Ne3 Bh3 19.Rfe1 Qd7 20.f3 Nh7 21.Ng4 Qe7 22.Bc2 h5
23.Ne3 Qf6 24.Nf5 Bxf5 25.exf5 Ne7 26.g4 g6 27.fxg6 Nxg6 28.gxh5 Nf4 29.Bxf4 Qxf4
30.Qe4 Ng5 31.Qxf4 Nh3+ 32.Kh1 Nxf4 33.h6 Kh8 34.h7 Ng6 35.Rg1 Kxh7 36.Rg4 Rg8
37.Rag1 Kh8 38.Bf5 Rg7 39.h4 Rag8 40.Kh2 Nf4 41.Re1 Nh5 42.a4 Nf6 43.Rxg7 Rxg7
44.Ra1 Rg8 45.a5 Rb8 46.axb6 axb6 47.Ra7 Kg7 48.Be6 b5 49.cxb5 Rxb5 50.Rxf7+ Kg6
51.h5+ Nxh5 52.Rd7 Rb6 53.Bf7+ Kg5 54.Bxh5 Kxh5 55.Kg3 Kg5  1/2-1/2

[Event "2nd Int Open Congress"]
[Site "Brentwood ENG"]
[Date "2008.02.16"]
[Round "3"]
[White "Foord,D"]
[Black "Sathyanandha,Sa"]
[Result "0-1"]
[WhiteElo "1995"]
[BlackElo "1908"]

1.d4 Nf6 2.c4 e6 3.Nf3 b6 4.Nc3 Bb4 5.Bg5 Bb7 6.e3 O-O 7.Bd3 d5 8.cxd5 exd5
9.Qc2 h6 10.Bh4 Nbd7 11.O-O c5 12.Ne5 Qc8 13.Bf5 Qc7 14.Nb5 Qb8 15.Nxd7 Nxd7
16.Bxd7 a6 17.Nc3 Qd6 18.Bg4 cxd4 19.exd4 Qf4 20.Qf5 Qxd4 21.Rad1 Qc4 22.Nxd5 Bc8
23.Ne3 Bxf5 24.Nxc4 Bxg4 25.Rd4 Be2 26.Rc1 Rac8 27.a3 Bc5 28.Re4 Bd3 29.Rg4 f5
30.Rg3 Bxc4 31.Rgc3 b5  0-1

[Event "10th TCh-Euro sen"]
[Site "Dresden GER"]
[Date "2008.02.18"]
[Round "8"]
[White "Nautsch,W"]
[Black "Kremenietsky,AnM"]
[Result "0-1"]
[WhiteElo "2290"]
[BlackElo "2354"]

1.d4 Nf6 2.c4 e6 3.Nf3 b6 4.Nc3 Bb7 5.Qc2 c5 6.e4 cxd4 7.Nxd4 d6 8.Be2 a6
9.Be3 Be7 10.O-O O-O 11.Rad1 Nbd7 12.f4 Qc7 13.b3 Rac8 14.a4 Rfe8 15.Bf3 Bf8
16.f5 Ne5 17.Bg5 Nfd7 18.fxe6 fxe6 19.Bh5 g6 20.Be2 Bg7 21.Qd2 Nf7 22.Be3 Nc5
23.Qc2 Qb8 24.b4 Nd7 25.Qb3 Nf8 26.Nf3 Qc7 27.Bd4 Bxd4+ 28.Rxd4 Nd7 29.Qd1 Nb8
30.b5 a5 31.Kh1 Rcd8 32.Qe1 Nd7 33.Qh4 Nc5 34.Rdd1 Qe7 35.Qf4 Rf8 36.Qe3 Rc8
37.h3 Rfd8 38.Rf2 Rf8 39.Rff1 Ba8 40.Qd4 Rcd8 41.Qe3 Qb7 42.Bd3 Rc8 43.Bb1 Qc7
44.Rf2 Nd7 45.Ba2 Qc5 46.Qd2 Nde5 47.Nd4 Rce8 48.Qe2 Nd8 49.Rxf8+ Rxf8 50.Nc6 Ndxc6
51.bxc6 Bxc6 52.Qd2 Rf6 53.Qg5 Kg7 54.Nb5 Nf7 55.Qg4 h5 56.Qg3 Bxe4 57.Qc3 e5
58.Bb1 Bxg2+  0-1

[Event "25th Festival Open A"]
[Site "Bled SLO"]
[Date "2008.02.24"]
[Round "2"]
[White "Khmelniker,I"]
[Black "Fucak,E"]
[Result "1-0"]
[WhiteElo "2469"]
[BlackElo "2296"]

1.d4 Nf6 2.c4 e6 3.Nf3 b6 4.Nc3 Bb7 5.Bg5 Be7 6.e3 Ne4 7.Nxe4 Bxe4 8.Bf4 O-O
9.Bd3 Bb4+ 10.Ke2 Bxd3+ 11.Qxd3 Be7 12.Rhd1 d6 13.Rac1 Nd7 14.h3 Re8 15.Kf1 Bf6
16.b4 a5 17.c5 axb4 18.cxd6 c5 19.e4 Qb8 20.e5 Bd8 21.Rc2 Qb7 22.Qe2 Ra3
23.Nd2 Rxh3 24.Nf3 Rh1+ 25.Ng1 f6 26.Qb5 Qa7 27.Be3 Rf8 28.d5 Re8 29.dxe6 Rxe6
30.Qc4 Kf7 31.f4 g6 32.g4 Qb7 33.Rf2 b5 34.Qd5 Qxd5 35.Rxd5 Bb6 36.Kg2 Rh4
37.Kg3 Rh1 38.Nf3 h6 39.f5 gxf5 40.gxf5 Rxe5 41.Nxe5+ fxe5 42.Kg2 Rh4 43.Rd1 Kf6
44.Kg3 Rd4 45.Bxd4 cxd4 46.Rh1 e4 47.Kf4 d3 48.Rxh6+ Kg7 49.Rg6+ Kf7 50.Rh2 e3
51.Rh7+ Kf8 52.Rh8+ Kf7 53.Rh7+ Kf8 54.f6 e2 55.f7 Be3+ 56.Kf5  1-0